<?xml version="1.0" encoding="UTF-8"?><?xml-stylesheet type="text/xsl" href="static/style.xsl"?><OAI-PMH xmlns="http://www.openarchives.org/OAI/2.0/" xmlns:xsi="http://www.w3.org/2001/XMLSchema-instance" xsi:schemaLocation="http://www.openarchives.org/OAI/2.0/ http://www.openarchives.org/OAI/2.0/OAI-PMH.xsd"><responseDate>2026-04-17T06:42:39Z</responseDate><request verb="GetRecord" identifier="oai:www.recercat.cat:10459.1/463179" metadataPrefix="marc">https://recercat.cat/oai/request</request><GetRecord><record><header><identifier>oai:recercat.cat:10459.1/463179</identifier><datestamp>2025-09-15T18:20:33Z</datestamp><setSpec>com_2072_3622</setSpec><setSpec>col_2072_479130</setSpec></header><metadata><record xmlns="http://www.loc.gov/MARC21/slim" xmlns:dcterms="http://purl.org/dc/terms/" xmlns:xsi="http://www.w3.org/2001/XMLSchema-instance" xmlns:doc="http://www.lyncode.com/xoai" xsi:schemaLocation="http://www.loc.gov/MARC21/slim http://www.loc.gov/standards/marcxml/schema/MARC21slim.xsd">
   <leader>00925njm 22002777a 4500</leader>
   <datafield ind2=" " ind1=" " tag="042">
      <subfield code="a">dc</subfield>
   </datafield>
   <datafield ind2=" " ind1=" " tag="720">
      <subfield code="a">Prat, Montserrat</subfield>
      <subfield code="e">author</subfield>
   </datafield>
   <datafield ind2=" " ind1=" " tag="720">
      <subfield code="a">Vanegas, Yuly Marsela</subfield>
      <subfield code="e">author</subfield>
   </datafield>
   <datafield ind2=" " ind1=" " tag="720">
      <subfield code="a">Boukafri, Kaouthar</subfield>
      <subfield code="e">author</subfield>
   </datafield>
   <datafield ind2=" " ind1=" " tag="720">
      <subfield code="a">Giménez, Joaquín</subfield>
      <subfield code="e">author</subfield>
   </datafield>
   <datafield ind2=" " ind1=" " tag="260">
      <subfield code="c">2021</subfield>
   </datafield>
   <datafield ind2=" " ind1=" " tag="520">
      <subfield code="a">Este artículo presenta una experiencia de formación realizada con un grupo de futuras maestras de educación infantil sobre razonamiento lógico en edades tempranas. Se describen de manera general los momentos clave del proceso seguido y se muestra de manera más amplia el desarrollo de una tarea profesional centrada en el diseño de materiales estructurados y actividades para niños de 3-6 años. Se constata que las futuras maestras reconocen la importancia de planificar y diseñar actividades con materiales estructurados para promover el razonamiento lógico en los niños. Asimismo, se identifica la dificultad que tienen en explorar cualidades más allá de la forma, el color y el tamaño. Y, que mayoritariamente proponen actividades enfocadas a identificar y relacionar y muy pocas en operar.</subfield>
   </datafield>
   <datafield ind2=" " ind1=" " tag="520">
      <subfield code="a">This article presents a training experience carried out with a group of prospective Early Childhood Education Teachers on logical reasoning at an early age. The key moments of the process followed are described in general terms and the development of a professional task focused on the design of structured materials and activities for 3-6-year olds is shown more broadly. It is found that the prospective teachers
recognise the importance of planning and designing activities with structured materials to promote logical reasoning in young children. They also identified the difficulty they have in exploring qualities beyond shape, colour and size. Most of the activities they propose are focused on identifying and relating and very few on operating.</subfield>
   </datafield>
   <datafield ind2=" " ind1=" " tag="520">
      <subfield code="a">El presente trabajo se ha realizado en el marco de las actividades de los proyectos SGR2017-101 y 2017-SGR-1353.</subfield>
   </datafield>
   <datafield tag="653" ind2=" " ind1=" ">
      <subfield code="a">Formación de docentes</subfield>
   </datafield>
   <datafield tag="653" ind2=" " ind1=" ">
      <subfield code="a">Diseño de actividades</subfield>
   </datafield>
   <datafield tag="653" ind2=" " ind1=" ">
      <subfield code="a">Materiales</subfield>
   </datafield>
   <datafield tag="653" ind2=" " ind1=" ">
      <subfield code="a">Razonamiento</subfield>
   </datafield>
   <datafield tag="653" ind2=" " ind1=" ">
      <subfield code="a">Educación Infantil</subfield>
   </datafield>
   <datafield ind2="0" ind1="0" tag="245">
      <subfield code="a">Razonamiento lógico y materiales estructurados. Una experiencia con futuras maestras de educación infantil</subfield>
   </datafield>
   <datafield ind2="0" ind1="0" tag="245">
      <subfield code="a">Logical reasoning and structured materials. An experience with prospective early childhood teachers</subfield>
   </datafield>
</record></metadata></record></GetRecord></OAI-PMH>